书目信息 |
| 题名: |
西方文论家手册
|
|
| 作者: | 杨荫隆 著 | |
| 分册: | ||
| 出版信息: | 长春 时代文艺出版社 1985 |
|
| 页数: | 395页 | |
| 开本: | 19cm | |
| 丛书名: | ||
| 单 册: | ||
| 中图分类: | I109 , I106 | |
| 科图分类: | ||
| 主题词: | 文艺理论家--西方国家--手册 , 哲学家--西方国家--手册 , 作家--西方国家--手册 , 艺术家--西方国家--手册 | |
| 电子资源: | ||
| ISBN: | ||
| 000 | 00717nam0 2200265 45 | |
| 001 | 1572307012 | |
| 005 | 20150128080843.84 | |
| 010 | @dCNY2.75 | |
| 091 | @aCN@b10389.3 | |
| 100 | @a19901105d1985 km y0chiy0121 ea | |
| 101 | 0 | @achi |
| 102 | @aCN@b220000 | |
| 105 | @ay zg 000yy | |
| 200 | 10 | @a西方文论家手册@Axi fang wen lun jia shou ce@f杨荫隆著 |
| 210 | @a长春@c时代文艺出版社@d1985 | |
| 215 | @a395页@d19cm | |
| 606 | @a文艺理论家@y西方国家@x手册 | |
| 606 | @a哲学家@y西方国家@x手册 | |
| 606 | @a作家@y西方国家@x手册 | |
| 606 | @a艺术家@y西方国家@x手册 | |
| 690 | @aI109@v3 | |
| 690 | @aI106@v4 | |
| 701 | 0 | @a杨荫隆@Ayang yin long@4著 |
| 801 | 0 | @aCN@bTSSF@c20150128 |
| 905 | @aZUCC@dI106@eJY7 | |
| 西方文论家手册/杨荫隆著.-长春:时代文艺出版社,1985 |
| 395页;19cm |
| ISBN :CNY2.75 |
| ● |
| 相关链接 |
|
|
|
|
正题名:西方文论家手册
索取号:I106/JY7
 
预约/预借
| 序号 | 登录号 | 条形码 | 馆藏地/架位号 | 状态 | 备注 |
| 1 | 7855769 | 278557697 | 学院路分馆/ [索取号:I106/JY7] | 在馆 |